00460nam a2200133 a 4500008004100000020001500041050001900056100002100075245010100096260005300197350000900250650004500259700002200304120416s1993 ||||||||||||||||| || u a0309049415 aHB 1323.C5 Nat aGribble, James N10aEffects of health progress on child mortality in Sub-Saharan Africacedited by Douglas C. Ewbank aWashington, [D.C.]bNational Academy Pressc1993 a0.00 aCHILDREN--AFRICA, SUB-SAHARAN--MORTALITY aEwbank, Douglas C